معدتك : (Record no. 15958)
[ view plain ]
| 000 -الفاتح | |
|---|---|
| حقل البيانات ثابتة الطول | 00734nam a22001697a 4500 |
| 008 - عناصر البيانات ثابتة الطول - معلومات عامة | |
| حقل البيانات ثابتة الطول | 110906s1994 sy|||||r|||| 00| 0 ara d |
| 082 ## - رقم تصنيف ديوى العشرى | |
| رقم الطبعة | 22 |
| رقم التصنيف | 614.5939 |
| رقم المادة | ع ب و |
| 100 ## - المدخل الرئيسى - إسم شخصى | |
| 9 (RLIN) | 27025 |
| الإسم الشخصى | عبودكبة ، جوزيف |
| 245 ## - بيان العنوان | |
| العنوان | معدتك : |
| بقية العنوان | والنظم الغذائية خلال حياتك / |
| بيان المسئوليه,etc | جوزيف عبودكبة |
| 260 ## - PUBLICATION, DISTRIBUTION, ETC. (IMPRINT) | |
| مكان الناشر او الموزع | القاهرة : |
| اسم الناشر او الموزع | دار الشرق العربي، 1979 |
| تاريخ النشر أو التوزيع | 1979 |
| 300 ## - الوصف المادى | |
| التعداد | 285 ص ؛ |
| أبعاد الوعاء | 24 سم |
| 650 ## - المدخل الاضافى بالموضوع-مصطلح موضوعى | |
| 9 (RLIN) | 27026 |
| مصطلح موضوعي أو اسم جغرافي كعنصر مدخل | التغذية |
| التقسيم الفرعي الشكلي | الجوانب الصحية |
| 650 ## - المدخل الاضافى بالموضوع-مصطلح موضوعى | |
| 9 (RLIN) | 27027 |
| مصطلح موضوعي أو اسم جغرافي كعنصر مدخل | الرجيم |
| 650 ## - المدخل الاضافى بالموضوع-مصطلح موضوعى | |
| 9 (RLIN) | 15488 |
| مصطلح موضوعي أو اسم جغرافي كعنصر مدخل | الهضم |
| 942 ## - عناصر المدخل الإضافي( كوها) | |
| مصدر التصنيف او مخطط الترفيف | Dewey Decimal Classification |
| Koha [default] item type | Book - Borrowing |
| حالة التراجع | حالة الفقد | مصدر التصنيف او خطة الترفيف | حالة تلف | ليس للاعارة | مجموعات كوها | المكان الدائم | المكان الحالي | موقع الترفيف | تاريخ الاكتساب | Source of acquisition | رقم الاستدعاء | الباركود | Date last seen | نوع الوعاء |
|---|---|---|---|---|---|---|---|---|---|---|---|---|---|---|
| Dewey Decimal Classification | Alef-Baa | Central Library | Central Library | First floor | 06/09/2011 | 614.5939 ع ب و | 000024661 | 15/07/2025 | Book - Borrowing |